ბათუმის შოთა რუსთაველის სახელმწიფო უნივერსიტეტის ბიბლიოთეკა

სტივიას ბიოლოგიური ნიშანთვისებებისა და გამრავლების საკითხების შესწავლა აჭარის პირობებში. (ბიბ.ჩანაწერი № 35353)

000 -LEADER
fixed length control field 00868nam a2200205Ia 4500
001 - CONTROL NUMBER
control field 1206
003 - CONTROL NUMBER IDENTIFIER
control field GE_BSU
008 - FIXED-LENGTH DATA ELEMENTS--GENERAL INFORMATION
fixed length control field 181216s||||||||xx |||||||||||||| ||und||
020 ## - INTERNATIONAL STANDARD BOOK NUMBER
International Standard Book Number 99928434705
040 ## - CATALOGING SOURCE
Transcribing agency GE_BSU
080 ## - UNIVERSAL DECIMAL CLASSIFICATION NUMBER
Universal Decimal Classification number 633.6(479.223)
100 ## - MAIN ENTRY--PERSONAL NAME
Personal name ჯაბნიძე,ნანა
245 ## - TITLE STATEMENT
Title სტივიას ბიოლოგიური ნიშანთვისებებისა და გამრავლების საკითხების შესწავლა აჭარის პირობებში.
260 ## - PUBLICATION, DISTRIBUTION, ETC.
Place of publication, distribution, etc. ბატყმი
260 ## - PUBLICATION, DISTRIBUTION, ETC.
Name of publisher, distributor, etc. ალიონი
300 ## - PHYSICAL DESCRIPTION
Extent 95 გვ. 19 სმ.
653 ## - INDEX TERM--UNCONTROLLED
Uncontrolled term სტივიას გამრავლების საკითხების შესწაბლა აჭარის პირობებსი
942 ## - ADDED ENTRY ELEMENTS (KOHA)
Koha item type წიგნი
ეგზემპლარები
Withdrawn status Lost status Damaged status Not for loan Date acquired Barcode Date last seen Price effective from Koha item type
        2018-12-17 2711 2018-12-17 2018-12-17 წიგნი